| 000 | 00684nam a2200229 a 4500 | ||
|---|---|---|---|
| 001 | 000030674 | ||
| 003 | OSt | ||
| 005 | 20240412074255.0 | ||
| 007 | ta | ||
| 008 | 110525s1930 dr 000 | spa d | ||
| 040 |
_aDO-SdBNP _bspa _cBNPHU |
||
| 049 | _aBNPD | ||
| 082 | 7 | 4 |
_a861.42 _bV864f _222 |
| 100 | 1 |
_aVizardi, Ligio _d1895-1968 _937744 |
|
| 245 | 1 | 0 |
_aFiguras de barro : _bsonetos / _cLigio Vizardi. |
| 260 |
_aSan Pedro de Macorís, República Dominicana : _bTipografía Cambier, _c1930. |
||
| 300 |
_a45 p. ; _c20 cm. |
||
| 650 | 7 |
_2LEMB _976571 _aPoesía dominicana |
|
| 650 | 0 |
_aLiteratura dominicana. _967 |
|
| 910 | _aValidado. Control de calidad MAA | ||
| 942 |
_2ddc _cLBS1 |
||
| 999 |
_c30166 _d30166 |
||